000 00649cam a22002051 4500
001 2169590
005 20180209070048.0
008 731212s1966 nyu 000 0 eng
010 _a 66024351
040 _aDLC
_cDLC
_dDLC
041 1 _aengfre
080 _a335.2
082 0 0 _a335.2 PRO
100 1 _a14
101 _aSHJ
240 1 0 _aQu'est-ce que la propriété?
_lEnglish
245 1 0 _aWhat is property?
_cWith a biographical essay by J. A. Langlois. Translated from the French by Benj. R. Tucker.
906 _a7
_bcbc
_corignew
_du
_eocip
_f19
_gy-gencatlg
942 _2ddc
_cBK
999 _c42243
_d42243